000 00435nam a22001457a 4500
008 140611b xxu||||| |||| 00| 0 eng d
050 _aPR4852.C663
100 _aCochrane, James
_910808
245 _aRudyard Kipling
_bselected verse
_cJames Cochrane
260 _aAustralia
_bPenguin Books
_c1977
300 _a313p. ;
_c18cm,.
600 _aKipling, Rudyard
_910809
600 _aCochrane, James(ed.)
_910810
942 _2lcc
_cMONOGRAPH
999 _c120696
_d120696